| 000 | 01070nam a22002897a 4500 | ||
|---|---|---|---|
| 003 | URS | ||
| 005 | 20240416181524.0 | ||
| 008 | 240207b |||||||| |||| 00| 0 eng d | ||
| 100 |
_aDoblada, Jhon Dale V. _eauthor |
||
| 245 |
_aManagement Information System for Morales Eye Clinic _cJhon Dale V. Doblada and 4 others |
||
| 260 | _c2024 | ||
| 300 |
_axii, 106 leaves _c28 cm. |
||
| 336 |
_2rdacontent _atext |
||
| 337 |
_2rdamedia _aunmediated |
||
| 338 |
_2rdacarrier _avolume |
||
| 500 | _aUndergraduate Thesis | ||
| 502 |
_bBachelor of Science in Information Technology _cUniversity of Rizal System, Binangonan _d2024 |
||
| 504 | _aIncludes bibliographical references. | ||
| 700 |
_aDoblada, Jhon Dale V. _eauthor |
||
| 700 |
_aCequeña, Angelo C. _eauthor |
||
| 700 |
_aIgnacio, Jacques Adrian H. _eauthor |
||
| 700 |
_aRivera, Paula Nicole DC. _eauthor |
||
| 700 |
_aCaringal, Jilmer V. _eauthor |
||
| 700 |
_aJohn Rudolf P. Pascual _eadviser |
||
| 856 |
_3Online Request for Student Unpublished Works _uhttps://forms.gle/7LqvGGkaDrUQqz429 |
||
| 942 |
_2lcc _cT |
||
| 999 |
_c74062 _d74061 |
||